000 01141nam a22002897a 4500
003 DO-SdBNP
005 20251120105504.0
007 ta
008 220519b2008 dr a|||| |||| 00| 0 spa d
040 _aDO-SdBNP
_bspa
_cBNPHU
049 _aBNPD
082 4 _a345.05
_bM491m, 2008
_222
100 1 _aMedina Tejera Natera, Daira de,
_d1976-
_946213
245 1 0 _aManual del litigante dominicano en materia procesal penal /
_cDaira Medina Tejeda de Natera ; prólogo Sarah Veras ; revisión Román Jáquez Liranzo
260 _aSanto Domingo :
_bComisión de Apoyo a la Reforma y Modernización de la Justicia,
_c2008.
300 _a221 p. :
_bil. ;
_c23 cm.
500 _aIncluye datos biográficos del autor en la contraportada
504 _aBibliografía : 217-220
590 _aInventariado, 2022/BT
650 4 _aDerecho penal
_zRepública Dominicana
_916470
650 4 _aProcedimiento penal
_zRepublica Dominicana
_914474
650 0 _aPrueba penal
_927178
650 4 _aDerecho procesal
_zRepublica Dominicana
_913091
700 1 _aVera, Sarah,
_epról.
_946214
700 1 _aJáquez Liranzo, Román
_erev.
_924032
942 _2ddc
_cLBS1
999 _c51767
_d51767